000 00495nam a2200181Ia 4500
005 20250508153019.0
008 008 250505s9999 xx 000 0 eng d
037 _aTextual
040 _aFEDL
_beng
_cFEDL
041 _aeng
_2eng
084 _a371.4, BHA
_qFEDL
100 _aBhatnagar Rajendra Mohan
245 0 _aBuniyadi shiksha ki rooprekha
300 _a214p
650 _aEducational guidance and Counseling
942 _cTEXL
_h371.4, BHA
999 _c1340157
_d1340157